|
|
|
|
| LEADER |
00000nam0a2200000 4500 |
| 001 |
251778 |
| 005 |
20231101232703.0 |
| 035 |
|
|
|a (RuTPU)RU\TPU\book\274089
|
| 090 |
|
|
|a 251778
|
| 100 |
|
|
|a 20140225d1986 k y0rusy50 ca
|
| 101 |
0 |
|
|a rus
|
| 102 |
|
|
|a RU
|
| 105 |
|
|
|a a z 001zy
|
| 200 |
1 |
|
|a Биостратиграфия и палеонтология кембрия Северной Азии
|e сборник
|f Академия наук СССР (АН СССР), Сибирское отделение (СО), Институт геологии и геофизики (ИГиГ) ; под ред. И. Т. Журавлевой
|
| 210 |
|
|
|a Москва
|c Наука
|d 1986
|
| 215 |
|
|
|a 229 с.
|c ил.
|
| 225 |
1 |
|
|a Труды института геологии и геофизики СО АН СССР
|h Вып. 669
|
| 320 |
|
|
|a Библиогр. в конце ст.
|
| 606 |
1 |
|
|a Кембрийские отложения
|2 stltpush
|3 (RuTPU)RU\TPU\subj\14267
|9 40708
|
| 606 |
1 |
|
|a Палеонтология
|2 stltpush
|3 (RuTPU)RU\TPU\subj\47998
|9 66880
|
| 610 |
1 |
|
|a биостратиграфия
|
| 610 |
1 |
|
|a Азия
|
| 610 |
1 |
|
|a корреляция
|
| 610 |
1 |
|
|a известковые водоросли
|
| 610 |
1 |
|
|a нижний кембрий
|
| 610 |
1 |
|
|a органические остатки
|
| 610 |
1 |
|
|a археоциаты
|
| 610 |
1 |
|
|a моллюски
|
| 675 |
|
|
|a 551.732
|v 3
|
| 675 |
|
|
|a 56
|v 3
|
| 702 |
|
1 |
|a Журавлева
|b И. Т.
|4 340
|
| 712 |
0 |
2 |
|a Академия наук СССР (АН СССР)
|b Сибирское отделение (СО)
|b Институт геологии и геофизики (ИГиГ)
|c (Новосибирск)
|2 stltpush
|3 (RuTPU)RU\TPU\col\128
|
| 801 |
|
1 |
|a RU
|b 63413507
|c 20140225
|
| 801 |
|
2 |
|a RU
|b 63413507
|c 20141217
|g RCR
|
| 942 |
|
|
|c BK
|